000 00355pam a2200157a 44500
008 230515b2017 xxu||||| |||| 00| 0 eng d
020 _aNULL
041 _aENGLISH
082 _a610.73
100 _aSHYAMALA D MANIVANNNAN
245 _aT.B OF COMMUNITY HEALTH NURSING
250 _a1
260 _a
_bC B S
_c2017
300 _a436
650 _aNULL
999 _c531714
_d531714